| 000 | 03086ccm a2200733 4500 | ||
|---|---|---|---|
| 001 | 21872 | ||
| 003 | VRT | ||
| 005 | 20260313140741.0 | ||
| 007 | qu | ||
| 008 | 191204s2019 xo crz a n b slo | ||
| 015 | _aSNBH2020 | ||
| 020 |
_a9788056704622 _q(viazané) |
||
| 039 | 9 |
_a202310251058 _bmsnk18 _c202310171625 _dmsnk18 _c202007311544 _dmsnk18 _c202007311444 _dmsnk18 |
|
| 040 |
_aBJKDG _bslo _cBJKDG _dSVKBB _dSNK _erda |
||
| 041 | 0 | _aslo | |
| 043 | _ae-xo--- | ||
| 044 |
_axo _cSK |
||
| 048 |
_bvu01 _akz01 |
||
| 072 | 7 |
_a784 _xVokálna hudba _2konspekt |
|
| 072 | 7 |
_a0/9-053.2 _xLiteratúra pre deti a mládež (náučná) _2konspekt |
|
| 080 |
_a783.65 _22011 |
||
| 080 |
_a78.089.6 _22011 |
||
| 080 |
_a(0.025.2) _22011 |
||
| 080 |
_a(0.053.2) _22011 |
||
| 080 |
_a784 _22011 |
||
| 084 |
_a1.1.4 _2snlmc |
||
| 245 | 0 | 0 |
_aVianočné koledy _hhudobnina _bzahraj si 12 slovenských kolied _cilustrácie Petra Bobalová ; notácia a hudobná úprava: Nadja a Leoš Jasanovci |
| 246 | 3 | 0 | _aZahraj si 12 slovenských kolied |
| 250 | _aPrvé slovenské vydanie | ||
| 264 | 1 |
_aBratislava _bSvojtka & Co., s.r.o. _c2019 |
|
| 300 |
_a1 spevník (24 nečíslovaných strán) _bfarebné ilustrácie _c24 cm |
||
| 336 |
_azápis hudby _bntm _2rdacontent |
||
| 336 |
_astatický obraz _bsti _2rdacontent |
||
| 337 |
_abez média _bn _2rdamedia |
||
| 338 |
_azväzok _bnc _2rdacarrier |
||
| 382 |
_aspev _aelektrický klávesový nástroj |
||
| 500 | _aKartónové listy | ||
| 500 | _aSúčasťou hudobniny je elektronické piano | ||
| 500 | _aVytlačené naprieč | ||
| 505 | 0 | 0 |
_tŠťastie, zdravie, pokoj svätý -- _tÓ, chýr preblahý -- _tNesiem vám novinu -- _tNarodil sa Kristus Pán -- _tDaj Boh šťastia tomu domu -- _tJak si krásne Jezuliatko -- _tSem pospešte -- _tDo hory, do lesa -- _tČas radosti, veselosti -- _tBúvaj dieťa krásne -- _tVstávajte pastieri -- _tPásli ovce valasi |
| 521 | 8 | _aPre deti od 3 rokov | |
| 650 | 0 | 7 |
_aVocal music _2SNKPHeng |
| 650 | 0 | 7 |
_avokálna hudba _2SNKPH |
| 651 | 7 |
_aSlovensko _2SNKPH |
|
| 651 | 7 |
_aSlovakia _2SNKPHeng |
|
| 655 | 7 |
_aleporelá _2SNKPH |
|
| 655 | 7 |
_apublikácie pre deti _2SNKPH |
|
| 655 | 7 |
_aPublications for children _2SNKPHeng |
|
| 655 | 7 |
_apartitúry pre sólový nástroj _2SNKPH |
|
| 655 | 7 |
_aScores for solo instrument _2SNKPHeng |
|
| 655 | 7 |
_aPicture books for children _2SNKPHeng |
|
| 655 | 7 |
_akoledy (hudba) _2SNKPH |
|
| 655 | 7 |
_aCarols _2SNKPHeng |
|
| 700 | 1 |
_aJasanová, Nadja _4oth _4edt |
|
| 700 | 1 |
_aJasan, Leoš _4oth _4edt |
|
| 700 | 1 |
_aBobalová, Petra, _d1980- _4ill |
|
| 942 |
_2ddc _cKLDE _n0 |
||
| 949 |
_617A1535461 _asnkOSC 30101 _bsnk2023/14263 _o1468/2023 - dotlač k 1. vydaniu z roku 2019,rok dotlače 2023 |
||
| 949 |
_617A1535462 _asnkOSC 30101 D1 _bsnk2023/14264 _o1468/2023 - dotlač k 1. vydaniu z roku 2019,rok dotlače 2023 |
||
| 949 |
_6270001000640845 _asvkbbA 159792 _bsvkbbm 788450 |
||
| 949 |
_617A1417387 _asnkOSC 30079 _bsnk2020/5673 _o1/2020 |
||
| 949 |
_617A1417388 _asnkOSC 30079 D1 _bsnk2020/5674 _o1/2020 |
||
| 999 |
_c21872 _d21872 |
||